Học để thành công/Học để giàu : Thuật lãnh đạo nhóm dẫn dắt nhóm đến thành công

Αποθηκεύτηκε σε:
Λεπτομέρειες βιβλιογραφικής εγγραφής
Κύριος συγγραφέας: Johnson, Joe
Μορφή: Βιβλίο
Γλώσσα:Undetermined
Έκδοση: Thành phố Hồ Chí Minh Trẻ 2003
Θέματα:
Ετικέτες: Προσθήκη ετικέτας
Δεν υπάρχουν, Καταχωρήστε ετικέτα πρώτοι!
Thư viện lưu trữ: Trung tâm Học liệu Trường Đại học Cần Thơ
LEADER 00652nam a2200193Ia 4500
001 CTU_55536
008 210402s9999 xx 000 0 und d
020 |b 22000 
082 |a 658.4 
082 |b J67 
100 |a Johnson, Joe 
245 0 |a Học để thành công/Học để giàu : 
245 0 |b Thuật lãnh đạo nhóm dẫn dắt nhóm đến thành công 
245 0 |c Joe Johnson 
260 |a Thành phố Hồ Chí Minh 
260 |b Trẻ 
260 |c 2003 
650 |a Creative ability in business,Business management,Executives,Decision-making 
980 |a Trung tâm Học liệu Trường Đại học Cần Thơ